000 01020cab a22002415a 4500
001 L158190
008 141009e2014 xxk 000 0 eng d
035 _a(Sirsi) u158190
041 0 _aeng
100 1 _aYorke, Trevor
245 0 0 _aProblems with condensation
_bDamp or condensation that is the question
260 _c2014
490 _aLetting Update Journal
_v22(3) October 2014, 28-31(2)
520 _aDiscusses the causes and effect of condensation and suggests way of reducing and elimination by ensuring adequate ventiliation, insulation and heating and dehumidifers. Offers guidance on removing mould. Diagram illustrates potential areas of mould growth in a bedroom due to poor condensation. See also L158189 for information on how to distinguish the differences between damp and condensation
590 _aKA
650 2 4 _aDAMP
650 2 4 _aCONDENSATION
650 2 4 _aVENTILATION
651 4 _aUnited Kingdom
_y
690 _aEnergy
_96237
690 _aLandlord and tenant
_96252
942 _n0
999 _c84529
_d84529